<?xml version="1.0" encoding="UTF-8"?>
<record
    xmlns:xsi="http://www.w3.org/2001/XMLSchema-instance"
    xsi:schemaLocation="http://www.loc.gov/MARC21/slim http://www.loc.gov/standards/marcxml/schema/MARC21slim.xsd"
    xmlns="http://www.loc.gov/MARC21/slim">

  <leader>02044nam a2200337 a 4500</leader>
  <controlfield tag="001">000002924</controlfield>
  <controlfield tag="005">20250716133206.0</controlfield>
  <controlfield tag="008">090706s1999    dr a         s001 0 spa d</controlfield>
  <datafield tag="040" ind1=" " ind2=" ">
    <subfield code="a">DO-SdBNP</subfield>
    <subfield code="b">spa</subfield>
    <subfield code="c">BNPHU</subfield>
  </datafield>
  <datafield tag="082" ind1=" " ind2=" ">
    <subfield code="a">307.72097293</subfield>
    <subfield code="b">C961q</subfield>
  </datafield>
  <datafield tag="245" ind1="0" ind2="0">
    <subfield code="a">Cuando se quiere se puede :</subfield>
    <subfield code="b">proceso de sistematizaci&#xF3;n de experiencia social /</subfield>
    <subfield code="c">pr&#xF3;logo Paolo Oberti.</subfield>
  </datafield>
  <datafield tag="260" ind1=" " ind2=" ">
    <subfield code="a">Santo Domingo :</subfield>
    <subfield code="b">Programa de Desarrollo Humano Sostenible Local,</subfield>
    <subfield code="c">1999.</subfield>
  </datafield>
  <datafield tag="300" ind1=" " ind2=" ">
    <subfield code="a">218 p. :</subfield>
    <subfield code="b">il. ;</subfield>
    <subfield code="c">23 cm.</subfield>
  </datafield>
  <datafield tag="500" ind1=" " ind2=" ">
    <subfield code="a">Incluye &#xED;ndice</subfield>
  </datafield>
  <datafield tag="505" ind1="0" ind2=" ">
    <subfield code="a">Descripci&#xF3;n de la experiencia -- &#xBF;Por qu&#xE9; y para qu&#xE9;? Importancia de sistematizar la experiencia social del PDHSL -- Metodolog&#xED;a de la sistematizaci&#xF3;n -- An&#xE1;lisis de la experiencia social del PDHSL -- Conclusiones y sugerencias generales del proceso de sistematizaci&#xF3;n -- Anexos -- Programas de los Seminarios --Talleres del proceso de sistematici&#xF3;n de la experiencia social del PDHSL, Subregi&#xF3;n Enriquillo -- Encuesta aplicada a personas pertenecientes a organizaciones de la Subregi&#xF3;n Enriquillo -- Entrevistas sobre el PDHSL, Subregi&#xF3;n Enriquillo.</subfield>
  </datafield>
  <datafield tag="590" ind1=" " ind2=" ">
    <subfield code="a">Inventariado,2018/DG</subfield>
  </datafield>
  <datafield tag="650" ind1=" " ind2="4">
    <subfield code="a">Desarrollo de la comunidad</subfield>
    <subfield code="z">Rep&#xFA;blica Dominicana</subfield>
    <subfield code="z">Subregion Enriquillo</subfield>
    <subfield code="9">9283</subfield>
  </datafield>
  <datafield tag="650" ind1=" " ind2="4">
    <subfield code="a">Desarrollo rural</subfield>
    <subfield code="z">Rep&#xFA;blica Dominicana</subfield>
    <subfield code="z">Subregi&#xF3;n Enriquillo</subfield>
    <subfield code="9">9284</subfield>
  </datafield>
  <datafield tag="650" ind1=" " ind2="4">
    <subfield code="a">Participaci&#xF3;n social</subfield>
    <subfield code="z">Rep&#xFA;blica Dominicana</subfield>
    <subfield code="z">Subregion Enriquillo</subfield>
    <subfield code="9">9285</subfield>
  </datafield>
  <datafield tag="650" ind1=" " ind2="4">
    <subfield code="a">Asistencia t&#xE9;cnica</subfield>
    <subfield code="9">9286</subfield>
  </datafield>
  <datafield tag="650" ind1=" " ind2="0">
    <subfield code="a">Sociolog&#xED;a rural </subfield>
    <subfield code="9">9287</subfield>
  </datafield>
  <datafield tag="651" ind1=" " ind2="4">
    <subfield code="a">Rep&#xFA;blica Dominicana</subfield>
    <subfield code="x">Participaci&#xF3;n Ciudadana</subfield>
    <subfield code="9">9288</subfield>
  </datafield>
  <datafield tag="650" ind1=" " ind2="0">
    <subfield code="a"> Acci&#xF3;n social</subfield>
    <subfield code="9">9289</subfield>
  </datafield>
  <datafield tag="650" ind1=" " ind2="0">
    <subfield code="a">Problemas sociales</subfield>
    <subfield code="9">9290</subfield>
  </datafield>
  <datafield tag="700" ind1="1" ind2=" ">
    <subfield code="a">Oberti, Paolo</subfield>
    <subfield code="9">9291</subfield>
  </datafield>
  <datafield tag="710" ind1="2" ind2=" ">
    <subfield code="a">Programa de Desarrollo Humano Sostenible Local (Rep&#xFA;blica Dominicana)</subfield>
    <subfield code="9">9292</subfield>
  </datafield>
  <datafield tag="710" ind1="1" ind2=" ">
    <subfield code="a">Rep&#xFA;blica Dominicana.</subfield>
    <subfield code="b">Oficina Nacional de Planificaci&#xF3;n</subfield>
    <subfield code="9">9293</subfield>
  </datafield>
  <datafield tag="710" ind1="2" ind2=" ">
    <subfield code="a">Programa de las Naciones Unidas para el Desarrollo</subfield>
    <subfield code="9">187</subfield>
  </datafield>
  <datafield tag="710" ind1="2" ind2=" ">
    <subfield code="a">Oficina de Servicios para Proyectos de las Naciones Unidas</subfield>
    <subfield code="9">9294</subfield>
  </datafield>
  <datafield tag="910" ind1=" " ind2=" ">
    <subfield code="a">Validado. Control de calidad. MMOLINA</subfield>
  </datafield>
  <datafield tag="952" ind1=" " ind2=" ">
    <subfield code="0">0</subfield>
    <subfield code="1">0</subfield>
    <subfield code="7">1</subfield>
    <subfield code="8">PD</subfield>
    <subfield code="a">PD</subfield>
    <subfield code="b">PD</subfield>
    <subfield code="c">HD</subfield>
    <subfield code="d">2009-07-06</subfield>
    <subfield code="i">LF1</subfield>
    <subfield code="l">0</subfield>
    <subfield code="o">307.72097293 C961q</subfield>
    <subfield code="p">2924-10</subfield>
    <subfield code="r">2020-06-25</subfield>
    <subfield code="w">2020-06-25</subfield>
    <subfield code="y">LFPD</subfield>
    <subfield code="Z">No se presta</subfield>
  </datafield>
  <datafield tag="999" ind1=" " ind2=" ">
    <subfield code="c">2757</subfield>
    <subfield code="d">2757</subfield>
  </datafield>
</record>
